000 00615cam a2200145 4500500
005 20260208010901.0
041 _afre
042 _adc
100 1 0 _aVerdeau, Patricia
_eauthor
245 0 0 _aMiklos Vetö, La Métaphysique religieuse de Simone Weil, 3e édition, Paris, L’Harmattan, coll. « Ouverture philosophique », 2014, 206 p., 21 €.
260 _c2015.
500 _a33
786 0 _nRevue philosophique de la France et de l'étranger | 140 | 3 | 2015-08-27 | p. 375zg-426zg | 0035-3833
856 4 1 _uhttps://shs.cairn.info/revue-philosophique-2015-3-page-375zg?lang=fr&redirect-ssocas=7080
999 _c1658687
_d1658687